[Event "SCCA Championship 2025"]
[Site "SchemingMind.com"]
[Date "2024.12.20"]
[Round "-"]
[White "P Pickering"]
[Black "mattkirk78"]
[Result "0-1"]
[WhiteCountry "ENG"]
[BlackCountry "ENG"]
[WhiteElo "1837"]
[WhiteRD "108"]
[BlackElo "2253"]
[BlackRD "89"]
[GameID "749836"]

1. e4 e5 2. f4 exf4 3. Nf3 d5 4. exd5 Nf6 5. Bc4 Nxd5 6. O-O Be6 7. Bb3 Be7 8. c4 Nb6 9. d4 Nxc4 10. Bxf4 Nb6
11. Bxe6 fxe6 12. Qe2 Nc6 13. Nc3 Nxd4 14. Qe4 Bc5 15. Kh1 Nxf3 16. Qxe6+ Qe7 17. Qxe7+ Bxe7 18. Rxf3 O-O-O 19. Be5 Rhg8 20. Rf7 Rd7
21. Rxg7 Rxg7 22. Bxg7 Ba3 23. Nb5 Rxg7 24. Nxa3 Rd7 25. h3 Rd2 26. Rb1 c6 27. Kh2 Kd7 28. h4 h5 29. Kh3 a6 30. g3 a5
31. Rg1 Rxb2 32. Rg2 Rxg2 33. Kxg2 Ke6 34. Nc2 Nd5 35. Kf3 Nb4 36. Nd4+ Ke5
0-1

[Event "SCCA Championship 2025"]
[Site "SchemingMind.com"]
[Date "2024.12.20"]
[Round "-"]
[White "mattkirk78"]
[Black "SEO1957"]
[Result "1-0"]
[WhiteCountry "ENG"]
[BlackCountry "NOR"]
[WhiteElo "2253"]
[WhiteRD "89"]
[BlackElo "1837"]
[BlackRD "155"]
[GameID "749837"]

1. e4 e5 2. Nf3 Nc6 3. Bb5 Nf6 4. O-O Nxe4 5. d4 Nd6 6. Bxc6 dxc6 7. dxe5 Nf5 8. Qxd8+ Kxd8 9. Nc3 Ke8 10. Rd1 h6
11. h3 Ne7 12. Ne4 Be6 13. Nd4 Bd5 14. Nc3 Bc4 15. b3 Ba6 16. a4 Rd8 17. Bb2 Nd5 18. Ndb5 Rd7 19. Nxd5 cxd5 20. Nxa7 c6
21. Nc8 Rg8 22. Re1 Bc5 23. Ba3 Bxa3 24. Rxa3 Rd8 25. Nd6+ Kf8 26. b4 b5 27. axb5 Bxb5 28. Ra7
1-0

[Event "SCCA Championship 2025"]
[Site "SchemingMind.com"]
[Date "2024.12.20"]
[Round "-"]
[White "mattkirk78"]
[Black "Russell Sherwood"]
[Result "0-1"]
[WhiteCountry "ENG"]
[BlackCountry "WLS"]
[WhiteElo "2243"]
[WhiteRD "93"]
[BlackElo "2483"]
[BlackRD "103"]
[GameID "749838"]

1. e4 c5 2. Ne2 Nc6 3. c4 Nf6 4. d4 cxd4 5. Nxd4 Nxe4 6. Nxc6 dxc6 7. Qxd8+ Kxd8 8. Nd2 Nc5 9. Nb3 e5 10. Be3 Nxb3
11. axb3 Bb4+ 12. Bd2 Bxd2+ 13. Kxd2 Bf5 14. Be2 Ke7 15. Rhd1 Rad8+ 16. Ke3 Rxd1 17. Rxd1 g5 18. g3 Be6 19. Ke4 f6 20. b4 Rg8
21. f3 h5 22. b3 a6 23. Rd2 Bf7 24. Bf1 Ke6 25. b5 axb5 26. cxb5 f5+ 27. Ke3 Ke7 28. bxc6 bxc6 29. b4 Ra8
0-1

[Event "SCCA Championship 2025"]
[Site "SchemingMind.com"]
[Date "2024.12.20"]
[Round "-"]
[White "McCormickR"]
[Black "mattkirk78"]
[Result "0-1"]
[WhiteCountry "ENG"]
[BlackCountry "ENG"]
[WhiteElo "1733"]
[WhiteRD "91"]
[BlackElo "2228"]
[BlackRD "89"]
[GameID "749839"]

1. e4 e5 2. Nf3 Nc6 3. Bc4 Nf6 4. Ng5 Bc5 5. Bxf7+ Ke7 6. Bd5 Rf8 7. O-O d6 8. Nc3 Bg4 9. Ne2 Nxd5 10. h3 Bxe2
11. Qxe2 Nf4
0-1

[Event "SCCA Championship 2025"]
[Site "SchemingMind.com"]
[Date "2024.12.20"]
[Round "-"]
[White "Allan Sedstrem"]
[Black "mattkirk78"]
[Result "0-1"]
[WhiteCountry "SCO"]
[BlackCountry "ENG"]
[WhiteElo "1541"]
[WhiteRD "56"]
[BlackElo "2228"]
[BlackRD "89"]
[GameID "749840"]

1. d4 d5 2. c4 e6 3. a3 Nf6 4. Nc3 Be7 5. e3 O-O 6. Nf3 b6 7. Bd3 Bb7 8. c5 bxc5 9. Qb3 Qc8 10. dxc5 Nbd7
11. Qc2 Nxc5 12. Be2 a5 13. O-O Ba6 14. Ne5 a4 15. Bxa6 Qxa6 16. Bd2 Bd6 17. Nf3 e5 18. Rfe1 Nd3 19. Red1 c5 20. Ne1 e4
21. Nxd3 exd3 22. Qc1 Bxh2+ 23. Kxh2 Ng4+ 24. Kh3 Qg6 25. Rh1 Nxf2+ 26. Kh2 Qh5+
0-1

[Event "SCCA Championship 2025"]
[Site "SchemingMind.com"]
[Date "2024.12.20"]
[Round "-"]
[White "TigerFeet"]
[Black "mattkirk78"]
[Result "0-1"]
[WhiteCountry "ENG"]
[BlackCountry "ENG"]
[WhiteElo "2125"]
[WhiteRD "85"]
[BlackElo "2228"]
[BlackRD "89"]
[GameID "749841"]

1. d4 d5 2. Nf3 Nf6 3. e3 e6 4. Bd3 c5 5. b3 Nc6 6. Bb2 Bd6 7. O-O O-O 8. Nbd2 Qe7 9. a3 b6 10. Ne5 Bb7
11. f4 Rac8 12. Qf3 h6 13. Qg3 Rfd8 14. dxc5 bxc5 15. Rae1 Bc7 16. Ng4 Nxg4 17. Qxg4 f5 18. Qh3 Ba5 19. Re2 Bxd2 20. Rxd2 c4
21. bxc4 dxc4 22. Bxf5 exf5 23. Rfd1 Rxd2 24. Rxd2 c3 25. Bxc3 Qxa3
0-1